00746nam a2200217 i 45000010005000000030009000050050017000140070003000310080041000340200018000750800014000931000042001072450087001492600040002363000022002765000029002986500031003278520033003589990015003919520122004069334ES-MaACL20250902064233.0t|930806s1987 sp ||||1| spa d a84-505-6266-X a658.14/171 aGarzón Muñoz, Juan José.95582313aLa Empresa y sus estados financieros básicos / c[Juan José Garzón Muñoz]. aMadrid : bCajamadrid, cD.L. 1987. a221 p. ; c24 cm. aBibliogr.: p. [219]-221.14aEmpresas-xFinanzas912223 aES-MaACLjL-16809 bR.115301 c9334d9334 00104070aATENEOMbATENEOMcDEPO2d2008-01-17eSCl0oL-16809p1009525r2023-02-23 00:00:00w2023-02-23yMONOGRAFIA